[Event "AUTO-ADV-4457"]
[Site "http://www.queenalice.com/game.php?id=1641835"]
[Date "2021.1.28"]
[Round "1"]
[White "rogervolei"]
[Black "Givanildo"]
[Result "0-1"]
[WhiteElo "1856"]
[BlackElo "1600"]

1. e3 e5 2. a3 Bc5 3. b4 Bb6 4. Bb2 d6 5. Qf3 Nf6 6. a4 Bg4 7. Qg3 O-O 8. a5
Bxe3 9. Qxe3 Nc6 10. h3 Bf5 11. d3 Nd5 12. Qd2 Ncxb4 13. Ra4 c5 14. Nc3 Nxc3 15.
Bxc3 a6 16. Bxb4 cxb4 17. Qxb4 b5 18. axb6 a5 19. Rxa5 Rxa5 20. Qxa5 Qc8 21. c4
Qb7 22. f3 Ra8 23. Qb4 Ra1+ 24. Kf2 e4 25. fxe4 Bg6 26. g4 h5 27. Ne2 f6 28.
Qxd6 h4 29. Nf4 Ra2+ 30. Ke3 Bf7 31. Qd8+ Kh7 32. g5 fxg5 33. Nd5 Bxd5 34. exd5
Ra8 35. Qxg5 Qxb6+ 36. Ke2 Ra2+ 37. Kf3 Qf2+ 38. Kg4 Qg3+ 39. Kh5 g6+ 40. Qxg6+
Qxg6+ 41. Kxh4 Kh6 42. Rg1 Qf6+ 43. Kg3 Qf2+ 44. Kg4 Ra8 45. h4 Rg8+ 46. Kh3
Qxg1 47. d6 Qg3# 0-1

[Event "AUTO-ADV-4457"]
[Site "http://www.queenalice.com/game.php?id=1641836"]
[Date "2021.1.28"]
[Round "1"]
[White "Givanildo"]
[Black "rogervolei"]
[Result "0-1"]
[WhiteElo "1717"]
[BlackElo "1810"]

1. d4 e6 2. Bf4 a6 3. e3 b6 4. Qf3 d5 5. a3 Bd6 6. Bd3 Bxf4 7. Qxf4 g5 8. Qg3 h5
9. h3 h4 10. Qh2 Nc6 11. Ne2 b5 12. b4 Qe7 13. O-O Rh6 14. Nbc3 Ra7 15. a4 bxa4
16. Nxa4 Nxb4 17. Nc5 Nxd3 18. cxd3 Nf6 19. f4 Nd7 20. fxg5 Qxg5 21. Nf4 e5 22.
Nxd7 exf4 23. Ne5 Rf6 24. exf4 Qf5 25. Ra5 c6 26. Nc4 Qxd3 27. Nb6 Qxd4+ 28. Kh1
Qxb6 29. Re1+ Be6 30. Raa1 Re7 31. Rab1 Qc7 32. Qg1 Rxf4 33. Qe3 Re4 34. Qc3
Rxe1+ 35. Rxe1 Kd7 36. Rd1 f5 37. Qa3 a5 38. Qa4 Rh7 39. Rb1 f4 40. Qc2 Rg7 41.
Qb2 Rf7 42. Qf2 Rh7 43. Qc2 Kd6 44. Rd1 c5 45. Rc1 c4 46. Qc3 Qc5 47. Rf1 Rf7
48. Re1 d4 49. Rd1 d3 50. Re1 Qd5 51. Ra1 Bxh3 52. Qa3+ Ke6 53. Re1+ Kf5 54. Qb2
Rf6 55. Kh2 Qxg2+ 56. Qxg2 Bxg2 57. Kxg2 d2 58. Rh1 c3 59. Rxh4 d1=Q 60. Rh5+
Qxh5 0-1

[Event "AUTO-ADV-4458"]
[Site "http://www.queenalice.com/game.php?id=1641966"]
[Date "2021.1.30"]
[Round "1"]
[White "ungern"]
[Black "rogervolei"]
[Result "0-1"]
[WhiteElo "1476"]
[BlackElo "1852"]

1. e4 e5 2. Nf3 d6 3. Nc3 h5 4. d3 Bg4 5. Be2 Be7 6. Be3 Bxf3 7. Bxf3 g6 8. Nd5
c6 9. Nc3 Nd7 10. O-O a5 11. b3 f5 12. exf5 Bg5 13. Bxg5 Qxg5 14. fxg6 Qxg6 15.
Ne4 h4 16. c4 Ngf6 17. Nxf6+ Nxf6 18. h3 Ra6 19. a4 Kd7 20. Re1 Nh5 21. Bxh5
Rxh5 22. Qd2 c5 23. Red1 Rf5 24. f3 Rxf3 0-1

[Event "AUTO-ADV-4458"]
[Site "http://www.queenalice.com/game.php?id=1641967"]
[Date "2021.1.30"]
[Round "1"]
[White "rogervolei"]
[Black "ungern"]
[Result "1-0"]
[WhiteElo "1854"]
[BlackElo "1474"]

1. e3 e5 2. d3 d5 3. g3 Nc6 4. Bg2 Be6 5. h4 Nf6 6. c3 Be7 7. Bh3 Bxh3 8. Rxh3
Qd7 9. Nd2 O-O 10. b4 b5 11. a4 bxa4 12. Rxa4 a5 13. bxa5 Nxa5 14. Ba3 Bxa3 15.
Rxa3 Ng4 16. Ngf3 Nxf2 17. Kxf2 Qxh3 18. Nxe5 f6 19. Nef3 c6 20. Qf1 Rfe8 21.
Qxh3 Nb7 22. Rxa8 Rxa8 23. Qe6+ 1-0

[Event "AUTO-ADV-4458"]
[Site "http://www.queenalice.com/game.php?id=1641980"]
[Date "2021.1.30"]
[Round "1"]
[White "elisangela"]
[Black "rogervolei"]
[Result "1-0"]
[WhiteElo "1904"]
[BlackElo "1867"]

1. e3 e5 2. c3 d6 3. Nf3 Nf6 4. h3 e4 5. Nd4 Bd7 6. f3 exf3 7. Qxf3 a6 8. Qxb7
Bc6 9. Nxc6 Nxc6 10. Qxc6+ Nd7 11. Bxa6 Rxa6 12. Qxa6 Be7 13. O-O O-O 14. d4 h6
15. Na3 g5 16. Bd2 f6 17. Rf5 Kf7 18. g4 Nb6 19. Raf1 Kg6 20. e4 h5 21. Qe2 hxg4
22. Qxg4 d5 23. b3 dxe4 24. Qxe4 Rh8 25. Rd5+ Kf7 26. Rxd8 Bxd8 27. Kg2 1-0

[Event "AUTO-ADV-4458"]
[Site "http://www.queenalice.com/game.php?id=1641981"]
[Date "2021.1.30"]
[Round "1"]
[White "rogervolei"]
[Black "elisangela"]
[Result "0-1"]
[WhiteElo "1830"]
[BlackElo "1924"]

1. e4 e6 2. d4 d6 3. c3 a6 4. Nd2 b5 5. Ndf3 Bb7 6. Bd3 Nd7 7. c4 bxc4 8. Bxc4
d5 9. exd5 Bxd5 10. Bxd5 exd5 11. Qe2+ Qe7 12. Qxe7+ Bxe7 13. Ne2 h6 14. Nf4
Bb4+ 15. Bd2 Bxd2+ 16. Nxd2 Ngf6 17. f3 g5 18. Nd3 O-O 19. O-O-O Rfe8 20. Rhe1
Re6 21. Ne5 Nxe5 22. dxe5 Nd7 23. b4 Rxe5 24. Nb3 c6 25. Nd4 Rc8 26. Rxe5 Nxe5
27. Kc2 c5 28. bxc5 Rxc5+ 29. Kd2 Kg7 30. Re1 Nc4+ 31. Ke2 Kf6 32. Rc1 Ke5 33.
Kd3 Nb2+ 34. Kd2 Kxd4 35. Rxc5 Kxc5 36. Kc3 d4+ 37. Kxb2 Kc4 38. a3 d3 39. Kc1
Kc3 0-1

[Event "AUTO-ADV-4458"]
[Site "http://www.queenalice.com/game.php?id=1641990"]
[Date "2021.1.30"]
[Round "1"]
[White "rogervolei"]
[Black "CERVERO"]
[Result "0-1"]
[WhiteElo "1891"]
[BlackElo "1900"]

1. e4 c6 2. d3 d5 3. Nc3 d4 4. Na4 Qa5+ 5. Qd2 Qxa4 6. Ne2 e5 7. b3 Qa6 8. f4
Bd6 9. fxe5 Bxe5 10. h3 Nf6 0-1

[Event "AUTO-ADV-4458"]
[Site "http://www.queenalice.com/game.php?id=1641991"]
[Date "2021.1.30"]
[Round "1"]
[White "CERVERO"]
[Black "rogervolei"]
[Result "0-1"]
[WhiteElo "1822"]
[BlackElo "1852"]

1. d4 e6 2. Nf3 h6 3. e4 Nf6 4. Bd3 c6 5. c4 b6 6. O-O Be7 7. e5 Ng8 8. Nc3 g5
9. h3 d6 10. Qe2 dxe5 11. dxe5 f5 12. exf6 Bxf6 13. Bg6+ Kf8 14. Rd1 Qe7 15. Be3
e5 16. Be4 g4 17. Nh2 gxh3 18. g3 Bd7 19. Nb5 Be6 20. b3 h5 21. Nc3 Rh7 22. Bxh7
Qxh7 23. f4 Qg6 24. Qf3 Nd7 25. Qxc6 Qxg3+ 26. Kh1 Rd8 27. Bd2 Nc5 28. Qg2 Qxg2#
0-1

[Event "Challenge"]
[Site "http://www.queenalice.com/game.php?id=1649360"]
[Date "2021.4.11"]
[Round "-"]
[White "jorm"]
[Black "rogervolei"]
[Result "1-0"]
[WhiteElo "1868"]
[BlackElo "1872"]

1. e4 e6 2. d4 g6 3. a3 a6 4. Nf3 Bg7 5. e5 d6 6. Bf4 Bh6 7. Bxh6 Nxh6 8. h3 Nc6
9. Bd3 Nf5 10. c3 dxe5 11. dxe5 b5 12. Qe2 Bb7 13. Be4 f6 14. exf6 Qxf6 15. Nbd2
O-O-O 16. O-O Nh4 17. Nxh4 Rxd2 18. Qxd2 Qxh4 19. Bf3 Rd8 20. Qe3 Qc4 21. Rad1
Rxd1 22. Rxd1 Qb3 23. Qe2 Ne7 24. Bxb7+ Kxb7 25. Rd7 Nf5 26. Rxh7 Kb6 27. Re7
Ka5 28. Rxc7 Nd6 29. Rg7 Nc4 30. Qxe6 Qxb2 31. Rxg6 Qc1+ 32. Kh2 Qf4+ 33. Kg1
Qc1+ 34. Kh2 Qf4+ 35. Rg3 Qxf2 36. Qe7 Qf4 37. Qb4+ Kb6 38. a4 Qe5 39. axb5 axb5
40. Qb1 Nd2 41. Qg1+ Kc6 42. Qf2 Ne4 43. Qe3 Kd5 44. Qd3+ Ke6 45. h4 Nf2 46. Qf3
Ne4 47. Kh3 Nxg3 48. Qxg3 Qf5+ 49. Qg4 Qxg4+ 50. Kxg4 Kd5 51. h5 Kc4 52. h6 Kxc3
53. h7 1-0

[Event "AUTO-ADV-4302"]
[Site "http://www.queenalice.com/game.php?id=1761109"]
[Date "2021.6.1"]
[Round "2"]
[White "Canaye"]
[Black "rogervolei"]
[Result "0-1"]
[WhiteElo "1886"]
[BlackElo "1853"]

1. d4 e6 2. c4 f5 3. Nc3 Bb4 4. Qc2 Qf6 5. Nf3 b6 6. e3 Bb7 7. Be2 h5 8. O-O
Bxc3 9. Qxc3 g5 10. Ne5 d6 11. Nd3 g4 12. Bd2 h4 13. f4 Nd7 14. b4 h3 15. g3 Rh7
16. c5 dxc5 17. bxc5 Be4 18. cxb6 cxb6 19. Rac1 Qd8 20. Nf2 Ndf6 21. Bb5+ Kf7
22. Qc7+ Kg6 23. Qxd8 Rxd8 24. Nxe4 Nxe4 25. Bb4 Ngf6 26. Rc6 Re8 27. Rfc1 Nd5
28. a3 Nxe3 29. Rc7 Rd8 30. Rxh7 Kxh7 31. Rc7+ Kg6 32. Bd7 a5 33. Be7 Rh8 34.
Bxe6 Nxg3 35. hxg3 h2+ 36. Kh1 Rh3 37. Rc6 Rxg3 38. Kxh2 Rh3+ 39. Kg1 Rg3+ 40.
Kf2 Rf3+ 41. Ke2 Kg7 42. Bd8 Ng2 43. Bd5 Nxf4+ 44. Kd2 Nxd5 45. Bxb6 Nxb6 46.
Rxb6 g3 47. d5 g2 48. Rb7+ Kf6 49. Ke2 g1=Q 50. Kxf3 Qd1+ 51. Kg2 Qxd5+ 0-1

[Event "AUTO-ADV-4302"]
[Site "http://www.queenalice.com/game.php?id=1761110"]
[Date "2021.6.1"]
[Round "2"]
[White "rogervolei"]
[Black "Canaye"]
[Result "1-0"]
[WhiteElo "1836"]
[BlackElo "1855"]

1. e3 e6 2. a3 d5 3. b4 c5 4. bxc5 Bxc5 5. Bb2 Nc6 6. d4 Bd6 7. Ne2 Nf6 8. h3
O-O 9. g3 Ne4 10. Bg2 Qc7 11. Bxe4 dxe4 12. Nec3 f5 13. f4 Na5 14. Nd2 Nc4 15.
Nxc4 Qxc4 16. Qe2 Qc7 17. O-O Bd7 18. Rfb1 Qd8 19. a4 Be7 20. Ba3 Bxa3 21. Rxa3
b6 22. d5 exd5 23. Nxd5 Rc8 24. c3 Bc6 25. Nb4 Bb7 26. Rd1 Qe7 27. Rd4 a5 28.
Nc2 g5 29. Rb3 gxf4 30. exf4 Qg7 31. Kf2 Rfe8 32. Qe3 Rc6 33. h4 Rg6 34. Rb5 h5
35. Na3 Rc6 36. c4 Qf7 37. Rdd5 Bc8 38. Rxb6 Rxb6 39. Qxb6 e3+ 40. Ke2 Qg7 41.
Rd6 Qb2+ 42. Qxb2 1-0

[Event "AUTO-ADV-4302"]
[Site "http://www.queenalice.com/game.php?id=1761113"]
[Date "2021.6.1"]
[Round "2"]
[White "rogervolei"]
[Black "MHRangel"]
[Result "0-1"]
[WhiteElo "1842"]
[BlackElo "1892"]

1. e3 e5 2. a3 Nf6 3. h3 Nc6 4. b4 a6 5. Bb2 d5 6. b5 axb5 7. Bxb5 Bd7 8. Bxc6
Bxc6 9. Bxe5 Ne4 10. d3 Nc5 11. Bd4 Ne6 12. Bb2 Bd6 13. Nf3 O-O 14. Nbd2 Ba4 15.
Nb3 Bxb3 16. cxb3 c5 17. O-O b5 18. d4 c4 19. Nd2 Qc7 20. Nf3 c3 21. Bc1 Ra6 22.
Qc2 b4 23. Rd1 bxa3 24. Rd3 Bb4 25. Ne1 Ng5 26. Bd2 Ne4 27. Bc1 Rfa8 28. Ra2 Rf6
29. Nf3 h6 30. Rd1 Bd6 31. Rf1 Bb4 32. Ne5 Bd6 33. Nd3 Bh2+ 34. Kh1 Bd6 35. b4
Ng3+ 36. Kg1 Nxf1 37. Kxf1 Bg3 38. Rxa3 Rxa3 39. Bxa3 Bh4 40. f4 Qc4 41. Ke2 Ra6
42. Qc1 Qa2+ 43. Bb2 cxb2 44. Qxb2 Qxb2+ 45. Nxb2 Ra2 0-1

[Event "AUTO-ADV-4302"]
[Site "http://www.queenalice.com/game.php?id=1761114"]
[Date "2021.6.1"]
[Round "2"]
[White "MHRangel"]
[Black "rogervolei"]
[Result "1-0"]
[WhiteElo "1903"]
[BlackElo "1856"]

1. d4 e6 2. c4 Bb4+ 3. Bd2 Qe7 4. g3 c6 5. Nf3 h6 6. Bg2 Nf6 7. O-O g5 8. Be3
Ng4 9. Qc1 Nxe3 10. Qxe3 a6 11. Qe5 f6 12. Qe4 Kf7 13. a3 Ba5 14. b4 Bc7 15. h4
f5 16. Qd3 f4 17. Ne5+ Bxe5 18. dxe5 gxh4 19. g4 Qg5 20. Bh3 Qxe5 21. Nd2 d5 22.
Nf3 Qe4 23. Nxh4 Qxd3 24. exd3 Nd7 25. f3 Rg8 26. cxd5 exd5 27. Nf5 Rg6 28. Rfe1
Ne5 29. Rxe5 Bxf5 30. Rxf5+ Rf6 31. Re5 Re8 32. d4 h5 33. Rae1 Rxe5 34. Rxe5
hxg4 35. Bxg4 Rg6 36. Kg2 b6 37. Kf2 1-0

[Event "Challenge"]
[Site "http://www.queenalice.com/game.php?id=1761379"]
[Date "2021.6.4"]
[Round "-"]
[White "rogervolei"]
[Black "crisvolei"]
[Result "1-0"]
[WhiteElo "1822"]
[BlackElo "1612"]

1. e3 e5 2. a3 Qf6 3. Nc3 c6 4. Ne4 Qe6 5. h3 h6 6. b4 b5 7. Bb2 d6 8. g4 g5 9.
Bg2 f5 10. gxf5 Qd5 11. Nf6+ Nxf6 12. Bxd5 Nxd5 13. Qh5+ Kd7 14. O-O-O Nf6 15.
Qf7+ Be7 16. h4 g4 17. d4 Ne4 18. dxe5 Kd8 19. exd6 Nxd6 20. Bxh8 Bxf5 21. Rxd6+
Bxd6 22. Qxf5 Nd7 23. Qxg4 Kc7 24. Bd4 Rf8 25. f4 a6 26. Rh3 a5 27. Bc3 a4 28.
Ne2 c5 29. e4 cxb4 30. Bxb4 Bxb4 31. axb4 a3 32. Rxa3 Nb6 33. Qg7+ Nd7 34. Ra7+
Kc6 35. Qxd7+ Kb6 36. Qb7# 1-0

[Event "Challenge"]
[Site "http://www.queenalice.com/game.php?id=1761380"]
[Date "2021.6.4"]
[Round "-"]
[White "crisvolei"]
[Black "rogervolei"]
[Result "0-1"]
[WhiteElo "1579"]
[BlackElo "1830"]

1. e4 e6 2. Qf3 h6 3. h4 a6 4. Nc3 c6 5. d4 b5 6. a3 Bb7 7. d5 Be7 8. Bf4 Bxh4
9. O-O-O Bg5 10. Bxg5 Qxg5+ 11. Kb1 g6 12. dxe6 fxe6 13. Nge2 c5 14. g4 Rh7 15.
b4 Rf7 16. Qg3 Qe7 17. Qc7 d5 18. Qxe7+ Kxe7 19. Bg2 Rxf2 20. Bh3 cxb4 21. axb4
dxe4 22. Rhe1 g5 23. Ng3 Rf3 24. Ncxe4 Bxe4 25. Rxe4 Rxg3 26. Bf1 Nf6 27. Red4
Nc6 28. Rd6 Rd8 29. Rxd8 Nxd8 30. Be2 Nxg4 31. Bxg4 Rxg4 32. c3 h5 33. Kb2 h4
34. Kb3 h3 35. Rh1 Rg3 36. Ra1 h2 37. Rxa6 h1=Q 38. Ra7+ Kf6 39. Rd7 Nc6 40. Rd2
Qb1+ 41. Rb2 Nd4+ 42. Ka3 Rxc3+ 43. Rb3 Nc2# 0-1

[Event "AUTO-OPEN-4297"]
[Site "http://www.queenalice.com/game.php?id=1765996"]
[Date "2021.8.2"]
[Round "1"]
[White "attachui"]
[Black "rogervolei"]
[Result "1-0"]
[WhiteElo "2204"]
[BlackElo "1776"]

1. d4 e6 2. c4 Bb4+ 3. Bd2 Bxd2+ 4. Qxd2 h6 5. Nc3 a6 6. e4 g5 7. Bd3 Ne7 8.
Nge2 Nbc6 9. d5 exd5 10. cxd5 Ne5 11. Bc2 Nc4 12. Qd4 O-O 13. Qxc4 d6 14. f4 Ng6
15. e5 Re8 16. Bxg6 fxg6 17. e6 Re7 18. O-O gxf4 19. Nxf4 g5 20. Nh5 c5 21. Qe4
Qe8 22. Nf6+ 1-0

[Event "AUTO-OPEN-4297"]
[Site "http://www.queenalice.com/game.php?id=1765997"]
[Date "2021.8.2"]
[Round "1"]
[White "rogervolei"]
[Black "attachui"]
[Result "0-1"]
[WhiteElo "1774"]
[BlackElo "2053"]

1. e3 d5 2. a3 e5 3. b4 f5 4. Bb2 Bd6 5. c4 Nf6 6. h3 Be6 7. cxd5 Bxd5 8. Nc3
Bf7 9. Nb5 O-O 10. Rc1 c6 11. Nxd6 Qxd6 12. Nf3 Nbd7 13. Bc4 Rad8 14. Bxf7+ Rxf7
15. Qb3 h6 16. O-O e4 17. Nh4 Nd5 18. d4 g5 19. Nxf5 Rxf5 20. Rc2 Kh7 21. Qa4
Rdf8 22. Qxa7 Nxe3 23. Rc5 Nxc5 24. bxc5 Qd5 0-1

[Event "AUTO-OPEN-4181"]
[Site "http://www.queenalice.com/game.php?id=1766709"]
[Date "2021.8.12"]
[Round "2"]
[White "rogervolei"]
[Black "LOMBARDY"]
[Result "0-1"]
[WhiteElo "1828"]
[BlackElo "2183"]

1. e3 e5 2. d4 d5 3. dxe5 Nc6 4. f4 Bf5 5. Bb5 Ne7 6. h3 h6 7. Bd2 a6 8. Bxc6+
Nxc6 9. Nc3 Qh4+ 10. Kf1 O-O-O 11. Be1 Qe7 12. a3 d4 13. Nb1 dxe3 14. Qe2 Nd4
15. Qxe3 Nxc2 0-1

[Event "AUTO-OPEN-4181"]
[Site "http://www.queenalice.com/game.php?id=1766710"]
[Date "2021.8.12"]
[Round "2"]
[White "LOMBARDY"]
[Black "rogervolei"]
[Result "1-0"]
[WhiteElo "2184"]
[BlackElo "1826"]

1. e4 e6 2. d4 h6 3. Nf3 d5 4. e5 a6 5. Bd3 Ne7 6. O-O Nf5 7. c3 Be7 8. g3 b5 9.
a4 bxa4 10. Qxa4+ Bd7 11. Qd1 c5 12. Nbd2 cxd4 13. cxd4 a5 14. Nb1 Nc6 15. Bxf5
exf5 16. Nc3 Be6 17. Kg2 1-0